000 00594nam a2200229Ia 4500
003 OSt
005 20221005062443.0
006 a|||||r|||| 00| 0
007 ta
008 221004b |||||||| |||| 00| 0 eng d
024 _a38489
037 _cTextual
040 _aCRL
_cCRL
_beng
041 _2eng
_aeng
082 _aO111,2M54w, K2
245 0 _aLetters ed by Rupert Hart-Davis
260 _aLondon
_bRupert Hart-Davis UK
_c1962
300 _axxv;958p.
_ccm.
650 _aENGLISH LITERATURE
942 _hO111,2M54w, K2
_cTEXL
_2cc
999 _c969734
_d969734